| 000 | 01055nam a2200301Ia 4500 | ||
|---|---|---|---|
| 001 | Para_1363 | ||
| 003 | CHAP | ||
| 008 | 220125s1999 xx 000 0 und d | ||
| 010 | _a200071 | ||
| 040 | _cCHAP | ||
| 090 | _aPA TESIS 1304 | ||
| 100 |
_aGómez Tovar, Victoria _949915 |
||
| 245 |
_aLongevidad y capacidad de inseminación de machos de Catolaccus grandis (Burks), (Hymenoptera : _b Pteromalidae), parasitoide del picudo del algodonero Anthonomus grandis Boheman / _c por Victoria Gómez Tovar |
||
| 260 |
_aChapingo, Méx. : _b El autor |
||
| 300 | _a52 h. | ||
| 502 | _aTesis (Ing. Agr. Esp. en Parasitología Agrícola), UACh. Depto. Parasitología | ||
| 650 |
_aAlgodón _x plagas _94046 |
||
| 650 |
_aAnthonomus grandis _96037 |
||
| 650 |
_aHimenopteros _955474 |
||
| 710 |
_aUACh. Departamento de Parasitología Agrícola _9115877 |
||
| 901 | _aPA TESIS 1304 | ||
| 902 | _aA | ||
| 905 | _a0000001999 i 0000000000 00 | ||
| 910 | _a1999 | ||
| 942 | _cPARA | ||
| 942 |
_cPARA _d1 |
||
| 999 |
_c200071 _d200071 |
||